000 00532nam a2200193 a 4500
001 1765171463980
003 ACL
005 20251208105917.0
008 251208s2004##################000#0#eng##
020 _a9783631531389
082 0 4 _a630.967
_bAMA
100 1 _aAmalu, Uche C.,
_eauthor.
245 1 0 _aStudies of Sustainable Agriculture and Animal Science in Sub-Saharan Africa :
260 _bPeter Lang Pub Incorporated,
_c2004.
300 _a151 pages
650 0 _aScience.
942 _cENGLISH
040 _aACL
_beng
_cACL
999 _c601579
_d601579